00000000nim##2200000za#4500
0019.649079
003CaOODSP
00520210615113505
007ss |||j|||||||
008150407|2003||||xxcnnn||q|||||||| n eng|d
040 |aCaOODSP|beng
043 |an-cn---
0861 |aRH34-5/2002E-A
1101 |aCanada. |bHuman Resources Development Canada.
24510|aLooking for a job? |h[sound recording]
260 |aOttawa - Ontario : |bHuman Resources Development Canada |c[2003?].
300 |a2 audio-cassettes.
5203 |aWhether you are a first-time job seeker, a student looking for employment, or someone looking to change jobs, Looking for a Job can help you with your job search or planning your career path.
590 |a03-48|b2003-11-28
69007|aEmployment|2gcpds
69007|aVocational guidance|2gcpds
69007|aYoung adults|2gcpds
77508|tTu cherches un emploi? |w(CaOODSP)9.682317
7760#|tLooking for a job? |w(CaOODSP)9.648605
7760#|tLooking for a job? |w(CaOODSP)9.649014
7760#|tLooking for a job? |w(CaOODSP)9.649015
7760#|tLooking for a job? |w(CaOODSP)9.649076
7760#|tLooking for a job - knowledge matters : |w(CaOODSP)9.686740